| Tag |
First Indicator |
Second Indicator |
Subfields |
| LEADER |
00000cam a2200000 a 4500 |
| 001 |
in00000977901 |
| 005 |
20150927114927.0 |
| 008 |
900821s1990 dcuabf b f00100 eng d |
| 010 |
|
|
|a (DG91052212
|
| 035 |
|
|
|a (OCoLC)22251065
|
| 035 |
|
|
|9 AEW9952AM
|
| 040 |
|
|
|d GPO
|d DLC
|d UtOrBLW
|
| 043 |
|
|
|a n-us-fl
|
| 074 |
|
|
|a 102-B-9
|
| 086 |
0 |
|
|a A 57.38:P 98/4
|
| 100 |
1 |
|
|a Readle, Elmer L.
|
| 245 |
1 |
0 |
|a Soil survey of Putnam County area, Florida /
|c United States Department of Agriculture, Soil Conservation Service ; in cooperation with University of Florida, Institute of Food and Agricultural Sciences, Agricultural Experiment Stations and Soil Science Department, and Florida Department of Agriculture and Consumer Services.
|
| 264 |
|
1 |
|a [Washington, D.C.?] :
|b U.S. Dept. of Agriculture, Soil Conservation Service,
|c [1990]
|
| 300 |
|
|
|a vii, 224 pages, 3 unnumbered pages, 102 folded pages of plates :
|b illustrations, maps (some color) ;
|c 28 cm.
|
| 336 |
|
|
|a text
|b txt
|2 rdacontent
|
| 337 |
|
|
|a unmediated
|b n
|2 rdamedia
|
| 338 |
|
|
|a volume
|b nc
|2 rdacarrier
|
| 500 |
|
|
|a Cover title.
|
| 500 |
|
|
|a Shipping list number: 90-495-P.
|
| 500 |
|
|
|a "Issued March 1990"--P. iii.
|
| 504 |
|
|
|a Includes bibliographical references (pages 129-130).
|
| 500 |
|
|
|a Includes index to map units.
|
| 650 |
|
0 |
|a Soils
|z Florida
|z Putnam County
|x Maps.
|
| 650 |
|
0 |
|a Soil surveys
|z Florida
|z Putnam County.
|
| 710 |
1 |
|
|a United States.
|b Soil Conservation Service.
|
| 999 |
|
|
|a MARS
|
| 999 |
f |
f |
|s 65c19f84-4b96-3fe3-a641-3de9902c56e2
|i 050bff86-dca5-3f6a-9a27-895f86a75b4b
|t 0
|
| 952 |
f |
f |
|p normal
|a Texas A&M University
|b College Station
|c Sterling C. Evans Library
|d Evans: Maps (2nd floor)
|t 0
|e A 57.38:P 98/4
|h Superintendent of Documents classification
|i unmediated -- volume
|m A14813214592
|
| 998 |
f |
f |
|a A 57.38:P 98/4
|t 0
|l Evans: Maps (2nd floor)
|